000 00763nam a22001817a 4500
999 _c59206
_d59206
003 Ge_BSU
005 20221214134902.0
008 221214s1982ge xxu||||| |||| 00| 0 geo d
041 _ageo
080 _a821.353.1-1 ტ-15
100 _aტაბიძე, გალაკტიონ, 1892-1959, ავტორი.
_916251
245 _aრჩეული :
_b [ლექსები] /
_cგალაკტიონ ტაბიძე ; შემდგ: ჯ. ღვინჯილია.
264 _aთბილისი :
_bმერანი,
_c1982.
300 _a429 გვ. ;
_b22 სმ.
653 _aრჩეული : [ლექსები]
700 _aღვინჯილია, ჯ
_eშმდგენელი
_95741
942 _2udc
_cBK